[Event "South America-ch U18 Girls 17th"]
[Site "Guayaquil"]
[Date "2022.01.29"]
[Round "7"]
[White "Palacios Gordillo, Camila Estefania"]
[Black "Alvarez Dominguez, Hellen Melissa"]
[Result "1/2-1/2"]
[WhiteElo "1223"]
[BlackElo "1419"]
[PlyCount "84"]
[EventDate "2022.01.25"]
[EventType "swiss"]
[EventRounds "9"]
[EventCountry "ECU"]
[SourceTitle "CBM 206 Extra"]
[Source "ChessBase"]
[SourceDate "2022.03.31"]
[SourceVersion "1"]
[SourceVersionDate "2022.03.31"]
[SourceQuality "1"]

1. d4 Nf6 2. c4 g6 3. Nc3 d5 4. cxd5 Nxd5 5. e4 Nxc3 6. bxc3 Bg7 7. Bc4 c5 8. Be3 Nc6 9. Ne2 0-0 10. 0-0 Qc7 11. Bb3 Rd8 12. Qc2 b5 13. dxc5 Bb7 14. Rad1 a5 15. Bd5 Ne5 16. Bxb7 Qxb7 17. f3 Nc4 18. Bf2 Rac8 19. Rxd8+ Rxd8 20. Rd1 Rc8 21. Qb3 Ne5 22. Rb1 b4 23. cxb4 axb4 24. Qxb4 Qxb4 25. Rxb4 Nd3 26. Rc4 e6 27. Kf1 Rb8 28. Nd4 Rb2 29. Nc2 Ne5 30. Rc3 Nxf3 31. Rxf3 Rxc2 32. Ra3 Rc4 33. Ra8+ Bf8 34. Bg3 Kg7 35. Be5+ f6 36. Bd6 Bxd6 37. cxd6 Rd4 38. Ra7+ Kf8 39. e5 fxe5 40. d7 Ke7 41. Ke2 Re4+ 42. Kf2 Rf4+ 1/2-1/2

[Event "South America-ch U18 Girls 17th"]
[Site "Guayaquil"]
[Date "2022.01.28"]
[Round "6"]
[White "Cruz Flores, Beatriz Milagros"]
[Black "Alvarez Dominguez, Hellen Melissa"]
[Result "1/2-1/2"]
[WhiteElo "1515"]
[BlackElo "1419"]
[PlyCount "90"]
[EventDate "2022.01.25"]
[EventType "swiss"]
[EventRounds "9"]
[EventCountry "ECU"]
[SourceTitle "CBM 206 Extra"]
[Source "ChessBase"]
[SourceDate "2022.03.31"]
[SourceVersion "1"]
[SourceVersionDate "2022.03.31"]
[SourceQuality "1"]

1. e4 e5 2. Nf3 Nc6 3. Bb5 a6 4. Ba4 Nf6 5. 0-0 Be7 6. Re1 b5 7. Bb3 0-0 8. c3 d6 9. h3 Na5 10. Bc2 c5 11. d4 cxd4 12. cxd4 Bb7 13. Nbd2 Qc7 14. Nf1 Rfc8 15. Bd3 Bf8 16. Ng3 Nc6 17. Bg5 Qd8 18. d5 Nb8 19. Qd2 h6 20. Be3 Nbd7 21. Rac1 Qe8 22. Nh4 Nc5 23. Nhf5 Kh7 24. Bb1 a5 25. f4 Nfd7 26. Rf1 Nb6 27. fxe5 dxe5 28. Qf2 Nc4 29. b3 Nxe3 30. Nxe3 Kg8 31. Ng4 Nd7 32. Kh1 f6 33. Bd3 Nc5 34. Bb1 Ba6 35. Rfd1 Nb7 36. Nf5 Nd6 37. Nge3 Qd7 38. Qg3 Kh7 39. Qf2 Rxc1 40. Rxc1 Rc8 41. Rxc8 Bxc8 42. Qd2 Nxf5 43. Nxf5 Bc5 44. Qc2 Bf8 45. Qd2 Bc5 1/2-1/2

[Event "South America-ch U20 Girls"]
[Site "Guayaquil"]
[Date "2021.11.06"]
[Round "7"]
[White "Pacheco Jimenez, Yesenia Camila"]
[Black "Alvarez Dominguez, Hellen Melissa"]
[Result "1-0"]
[WhiteElo "1633"]
[BlackElo "1444"]
[PlyCount "73"]
[EventDate "2021.11.02"]
[EventType "swiss"]
[EventRounds "9"]
[EventCountry "ECU"]
[SourceTitle "CBM 205 Extra"]
[Source "ChessBase"]
[SourceDate "2022.01.31"]
[SourceVersion "1"]
[SourceVersionDate "2022.01.31"]
[SourceQuality "1"]

1. d4 Nf6 2. Nf3 g6 3. g3 Bg7 4. Bg2 0-0 5. 0-0 d5 6. c4 c6 7. Nc3 Ne4 8. cxd5 Nxc3 9. bxc3 cxd5 10. Qb3 Nc6 11. Bf4 Na5 12. Qc2 Bf5 13. Qb2 Be4 14. Nd2 Bxg2 15. Kxg2 Rc8 16. Rab1 b6 17. Rfe1 Nc4 18. Nxc4 Rxc4 19. e4 e6 20. Qd2 Qd7 21. e5 Rfc8 22. Re3 Qc6 23. Rb3 Bf8 24. Bg5 Qe8 25. Rf3 Bg7 26. g4 Qf8 27. h4 h6 28. Bf6 R8c7 29. h5 R4c6 30. g5 hxg5 31. Qxg5 Bh6 32. Qg3 Qe8 33. Rb1 Bd2 34. Rh1 Bh6 35. hxg6 Bg7 36. Bxg7 Kxg7 37. gxf7+ 1-0

[Event "ECU-ch (Women)"]
[Site "Banos de Agua Santa"]
[Date "2020.03.14"]
[Round "8"]
[White "Patino, Patricia"]
[Black "Alvarez Dominguez, Hellen Melissa"]
[Result "1-0"]
[WhiteElo "1340"]
[BlackElo "1503"]
[PlyCount "105"]
[EventDate "2020.03.10"]
[EventType "swiss"]
[EventRounds "9"]
[EventCountry "ECU"]
[SourceTitle "CBM 195 Extra"]
[Source "ChessBase"]
[SourceDate "2020.05.31"]
[SourceVersion "1"]
[SourceVersionDate "2020.05.31"]
[SourceQuality "1"]

1. d4 Nf6 2. c4 g6 3. Nc3 d5 4. Qb3 c6 5. e3 Bg7 6. Nf3 0-0 7. Be2 e6 8. 0-0 Nbd7 9. Rd1 Qb6 10. Qxb6 Nxb6 11. c5 Nbd7 12. b4 Re8 13. Bb2 e5 14. h3 exd4 15. Nxd4 Ne4 16. Nxe4 Rxe4 17. Rac1 Nf8 18. Bf3 Re8 19. b5 Bd7 20. bxc6 bxc6 21. Rb1 Rab8 22. Ba1 h5 23. Kf1 Nh7 24. Be2 Ng5 25. Bd3 Bf8 26. Nb3 Nh7 27. Ke2 f5 28. Kd2 Kf7 29. f4 Bg7 30. Bxg7 Kxg7 31. Nd4 Nf6 32. Nf3 Rec8 33. Ne5 Be8 34. Rdc1 Ne4+ 35. Bxe4 dxe4 36. Kc2 Rb5 37. Rxb5 cxb5 38. Kb2 Kf6 39. h4 a5 40. Rc2 b4 41. Kb3 Bb5 42. a3 bxa3 43. Kxa3 Bd3 44. Rc3 Bb5 45. c6 Rc7 46. Rc5 Ba6 47. Rxa5 Bc8 48. Kb4 Be6 49. Ra8 Bd5 50. Kc5 Bf7 51. Kb6 Re7 52. Nxf7 Kxf7 53. Ra7 1-0

[Event "ECU-ch U20 Girls"]
[Site "Guayaquil"]
[Date "2020.02.19"]
[Round "1"]
[White "Oviedo Carrillo, Tamia Salome"]
[Black "Alvarez Dominguez, Hellen Melissa"]
[Result "1-0"]
[WhiteElo "1147"]
[BlackElo "1515"]
[PlyCount "105"]
[EventDate "2020.02.19"]
[EventType "swiss"]
[EventRounds "9"]
[EventCountry "ECU"]
[SourceTitle "CBM 195 Extra"]
[Source "ChessBase"]
[SourceDate "2020.05.31"]
[SourceVersion "1"]
[SourceVersionDate "2020.05.31"]
[SourceQuality "1"]

1. e4 e5 2. Nf3 Nc6 3. Bb5 a6 4. Ba4 Nf6 5. Qe2 d6 6. c3 Be7 7. d4 b5 8. Bb3 exd4 9. Nxd4 Na5 10. Bc2 c5 11. Nf3 0-0 12. 0-0 Bb7 13. Rd1 Qc7 14. Nbd2 Rfe8 15. Nf1 Bf8 16. Ng3 Bc6 17. Bf4 Nb7 18. Re1 Qb6 19. Rad1 h6 20. h4 Rad8 21. Nd2 a5 22. Qf3 Bd7 23. Nf5 Bxf5 24. exf5 d5 25. g4 Bd6 26. Bxd6 Qxd6 27. c4 Rxe1+ 28. Rxe1 b4 29. g5 Nh7 30. g6 fxg6 31. fxg6 Nf6 32. Bf5 Rf8 33. cxd5 Nd8 34. Be6+ Nxe6 35. Rxe6 Qxd5 36. Qxd5 Nxd5 37. Rc6 Nf4 38. Ne4 Nd3 39. Nxc5 Ne5 40. Rc7 Nf3+ 41. Kf1 Nxh4 42. Ne6 Re8 43. Rxg7+ Kh8 44. Rh7+ Kg8 45. Rxh6 Rxe6 46. Rxh4 Rxg6 47. Rh5 Ra6 48. f4 Kg7 49. Ke2 Kg6 50. Re5 Rc6 51. Kd3 Ra6 52. Kd4 Rf6 53. f5+ 1-0

[Event "Pan American-ch School U17 Girls"]
[Site "Medellin"]
[Date "2019.11.16"]
[Round "8"]
[White "Vargas Ortiz, Grecia Valentina"]
[Black "Alvarez Dominguez, Hellen Melissa"]
[Result "1-0"]
[WhiteElo "1757"]
[BlackElo "1464"]
[PlyCount "69"]
[EventDate "2019.11.12"]
[EventType "swiss"]
[EventRounds "9"]
[EventCountry "COL"]
[SourceTitle "CBM 193 Extra"]
[Source "ChessBase"]
[SourceDate "2020.01.31"]
[SourceVersion "1"]
[SourceVersionDate "2020.01.31"]
[SourceQuality "1"]

1. d4 Nf6 2. c4 g6 3. Nc3 d5 4. Bg5 Ne4 5. Nxe4 dxe4 6. Qd2 Bg7 7. 0-0-0 Nc6 8. e3 a6 9. f3 h6 10. Bh4 exf3 11. gxf3 0-0 12. Ne2 Na7 13. Nc3 c6 14. c5 g5 15. Bg3 b6 16. cxb6 Qxb6 17. Na4 Qd8 18. h4 e5 19. dxe5 Qxd2+ 20. Rxd2 Re8 21. Nb6 Rb8 22. Nxc8 Nxc8 23. Bxa6 Ra8 24. Bc4 Nb6 25. Bb3 Bxe5 26. Bxe5 Rxe5 27. e4 c5 28. Rd6 Rb8 29. hxg5 hxg5 30. Rhh6 c4 31. Rxb6 Rxb6 32. Rxb6 cxb3 33. Rxb3 Kg7 34. Kd2 Kf6 35. Rd3 1-0

[Event "Pan American-ch School U17 Girls"]
[Site "Medellin"]
[Date "2019.11.14"]
[Round "5"]
[White "Vasquez Jaen, Lourdes Lorena"]
[Black "Alvarez Dominguez, Hellen Melissa"]
[Result "1/2-1/2"]
[WhiteElo "1500"]
[BlackElo "1464"]
[PlyCount "93"]
[EventDate "2019.11.12"]
[EventType "swiss"]
[EventRounds "9"]
[EventCountry "COL"]
[SourceTitle "CBM 193 Extra"]
[Source "ChessBase"]
[SourceDate "2020.01.31"]
[SourceVersion "1"]
[SourceVersionDate "2020.01.31"]
[SourceQuality "1"]

1. e4 e5 2. Nf3 Nc6 3. d4 exd4 4. Nxd4 Qf6 5. Be3 Bc5 6. c3 Nge7 7. Bc4 Ne5 8. Be2 d6 9. 0-0 a6 10. Nd2 0-0 11. N2f3 Qg6 12. Nxe5 dxe5 13. Nf5 Bd6 14. Nxd6 cxd6 15. f3 f5 16. Bc4+ Kh8 17. exf5 Nxf5 18. Re1 Nh4 19. Re2 Nxf3+ 20. Kh1 Nh4 21. Qd2 Be6 22. Bxe6 Qxe6 23. Bg5 Nf5 24. Rf2 h6 25. Be3 Nxe3 26. Qxe3 Rxf2 27. Qxf2 d5 28. Re1 Qf6 29. Qc5 Rd8 30. Kg1 e4 31. Rf1 Qc6 32. Qd4 Kg8 33. Rd1 Qf6 34. b3 Qg5 35. c4 e3 36. cxd5 e2 37. Re1 Rxd5 38. Qf2 Rd1 39. Qxe2 Rd2 40. Qe8+ Kh7 41. Qe4+ Qg6 42. Qxg6+ Kxg6 43. Re7 Rxa2 44. Rxb7 Rb2 45. Rb6+ Kh7 46. Rxa6 Rxb3 47. Kf2 1/2-1/2

[Event "Pan American-ch U16 Girls"]
[Site "Guayaquil"]
[Date "2019.07.27"]
[Round "9"]
[White "Alvarez Dominguez, Hellen Melissa"]
[Black "Arauco Celestino, Arianna Sofia"]
[Result "0-1"]
[WhiteElo "1428"]
[BlackElo "1653"]
[PlyCount "82"]
[EventDate "2019.07.21"]
[EventType "swiss"]
[EventRounds "9"]
[EventCountry "ECU"]
[SourceTitle "EXT 2021"]
[Source "ChessBase"]
[SourceDate "2020.10.23"]
[SourceVersion "1"]
[SourceVersionDate "2020.10.23"]
[SourceQuality "1"]

1. e4 c5 2. Nf3 Nc6 3. d4 cxd4 4. Nxd4 Qb6 5. Nb3 Nf6 6. Nc3 e6 7. Bd3 Bb4 8. Bd2 0-0 9. 0-0 d5 10. exd5 exd5 11. a3 Bd6 12. h3 Be6 13. Bg5 Be5 14. Na4 Qd8 15. f4 Bc7 16. Nac5 b6 17. Na6 Bd6 18. Bb5 Ne7 19. Bxf6 gxf6 20. Nd4 Nf5 21. Qg4+ Ng7 22. f5 Bd7 23. Bxd7 Qxd7 24. Nb4 Be5 25. Rad1 a5 26. Na2 Kh8 27. Nc3 Rg8 28. Qf3 Rad8 29. Qd3 Nh5 30. Nde2 Qc6 31. g4 d4 32. Ne4 Rde8 33. Nf2 Qc7 34. Kh1 Nf4 35. Nxf4 Bxf4 36. Qxd4 Qc6+ 37. Kg1 Be3 38. Qd3 Qf3 39. Qd6 Rxg4+ 40. hxg4 Qxg4+ 41. Kh1 Qf3+ 0-1

[Event "ECU-ch U16 Girls"]
[Site "Guayaquil"]
[Date "2019.04.19"]
[Round "5"]
[White "Loor Veliz, Thais Arianna"]
[Black "Alvarez Dominguez, Hellen Melissa"]
[Result "1/2-1/2"]
[WhiteElo "1369"]
[BlackElo "1280"]
[PlyCount "61"]
[EventDate "2019.04.17"]
[EventType "swiss"]
[EventRounds "9"]
[EventCountry "ECU"]
[SourceTitle "CBM 190 Extra"]
[Source "ChessBase"]
[SourceDate "2019.07.15"]
[SourceVersion "1"]
[SourceVersionDate "2019.07.15"]
[SourceQuality "1"]

1. e4 e5 2. Nf3 Nc6 3. Bc4 Nf6 4. d3 h6 5. c3 d6 6. 0-0 g6 7. h3 Bg7 8. Be3 0-0 9. Qd2 Kh7 10. Nh2 a6 11. f4 d5 12. exd5 Nxd5 13. Bc5 Nde7 14. Bb3 Na5 15. fxe5 Nxb3 16. axb3 Bxe5 17. Nf3 Bg7 18. Qe2 Re8 19. Re1 Bf8 20. Nbd2 Bd7 21. Ne4 Ng8 22. Bxf8 Rxf8 23. Nd4 b6 24. Qf3 c5 25. Nc2 Bc6 26. Qg3 f5 27. Nf2 Qd7 28. Qf4 g5 29. Qd2 a5 30. Re5 Rae8 31. Rae1 1/2-1/2

[Event "Guayaquil zt 2.4 (Women)"]
[Site "Guayaquil"]
[Date "2019.04.09"]
[Round "1"]
[White "Penafiel Mendoza, Josselyne Stefania"]
[Black "Alvarez Dominguez, Hellen Melissa"]
[Result "1-0"]
[WhiteElo "1778"]
[BlackElo "1280"]
[PlyCount "77"]
[EventDate "2019.04.09"]
[EventType "tourn"]
[EventRounds "9"]
[EventCountry "ECU"]
[SourceTitle "CBM 189 Extra"]
[Source "ChessBase"]
[SourceDate "2019.06.03"]
[SourceVersion "1"]
[SourceVersionDate "2019.06.03"]
[SourceQuality "1"]

1. d4 Nf6 2. Nf3 g6 3. c4 d5 4. cxd5 Nxd5 5. e4 Nb6 6. h3 Bg7 7. Nc3 0-0 8. Be3 Nc6 9. Qd2 Na5 10. b3 Nc6 11. Be2 a6 12. 0-0 Re8 13. Rac1 Nd7 14. d5 Nce5 15. Nd4 Nb6 16. f4 Ned7 17. a4 Nf8 18. a5 Nbd7 19. b4 e6 20. dxe6 Nxe6 21. Nxe6 fxe6 22. e5 Qe7 23. Ne4 c6 24. Rfd1 Kh8 25. Bc4 Nxe5 26. fxe5 Bxe5 27. Bd4 Bxd4+ 28. Qxd4+ e5 29. Qd6 Bf5 30. Qxe7 Rxe7 31. Nd6 Rf8 32. g4 Bc8 33. Rf1 Rxf1+ 34. Rxf1 Be6 35. Bxe6 Rxe6 36. Nxb7 Re7 37. Nd8 Rc7 38. Nf7+ Kg7 39. Nxe5 1-0